Drip Too Hard - Lil Baby & Gunna (Full lyrics) - Statistics

General Stats
  • This quiz has been taken 116 times
    114 since last reset
  • The average score is 331 of 500
Answer Stats
Answer % Correct
drip,
99%
Drip
99%
to
99%
a
96%
hard,
96%
hard
96%
I
96%
Do
94%
too
94%
the
93%
The
93%
get
92%
don't
90%
You
90%
you
90%
close
89%
go,
88%
around
86%
be
86%
fuck
86%
on
83%
stand
83%
this
83%
can
82%
and
80%
gon'
80%
if
77%
If
77%
in
77%
in,
77%
she
77%
when
77%
chain,
76%
drown
76%
my
76%
been
75%
it
75%
store
75%
want
74%
as
73%
biggest
73%
Chanel
73%
all
71%
Doin'
71%
mind
71%
paid
71%
off
70%
Bad
68%
so
68%
wave
68%
bag
67%
shows,
67%
these
67%
These
67%
time,
67%
ain't
65%
car,
65%
no
65%
road
64%
where
63%
gettin'
62%
lil'
62%
long
62%
Every
60%
every
60%
up,
60%
up
60%
back,
58%
backend
57%
made
57%
got
56%
night,
56%
night
56%
other
56%
Soon
56%
surprise
56%
care
55%
slayed
55%
another
54%
movie
54%
I've
52%
vibe,
52%
mornin'
51%
gave
50%
dollar
49%
I'm
49%
nigga
49%
shit,
48%
shit
48%
they
48%
her
46%
new
46%
bought
43%
until
43%
day
42%
That
42%
that
42%
we
42%
your
42%
drugs,
40%
'em
40%
run
40%
Atlanta
39%
me,
39%
own
39%
Patek,
39%
Takin'
39%
with
38%
started
37%
good
35%
is
35%
niggas
35%
parade
35%
sucked
35%
from
33%
just
33%
know
33%
like
33%
young
33%
Young
33%
watch,
32%
come,
31%
hatin'
31%
Yeah,
31%
but
30%
club,
29%
face
29%
two-
29%
leaser,
27%
boogers
26%
child,
26%
comments
26%
feel
26%
tell
26%
runnin'
25%
Whenever
25%
came
24%
fire
24%
had
24%
it's
24%
performin'
24%
read
24%
smoke,
24%
toned
24%
aim
21%
dancin'
21%
Diamonds
21%
ride
21%
workin'
21%
plane
20%
comin'
19%
cute
19%
private
19%
pussy
19%
took
19%
GonWunna
17%
bitches
15%
galore,
15%
us
15%
not
14%
TSA
14%
moanin'
13%
tryna
13%
dial
12%
lackin',
12%
many
12%
saved
12%
Vibes
12%
Designer
11%
floor
11%
hundreds
11%
card
10%
caution
10%
slave
10%
spell
10%
barely
8%
ground,
8%
harass
8%
why
8%
charge
7%
line,
7%
draw
6%
names
2%
No matching quizzes found
Score Distribution
Percent of People with Each Score
Percentile by Number Answered
Your Score History
You have not taken this quiz since the last reset